माानवीय ज्ञान के सिद्वान्त (Record no. 347572)

MARC details
000 -LEADER
fixed length control field 00959nam a2200241Ia 4500
003 - CONTROL NUMBER IDENTIFIER
control field OSt
005 - DATE AND TIME OF LATEST TRANSACTION
control field 20220923221121.0
008 - FIXED-LENGTH DATA ELEMENTS--GENERAL INFORMATION
fixed length control field 220922b |||||||| |||| 00| 0 hin d
037 ## - SOURCE OF ACQUISITION
Terms of availability Textual
040 ## - CATALOGING SOURCE
Original cataloging agency ARTS
Transcribing agency ARTS
Language of cataloging hin
041 ## - LANGUAGE CODE
Source of code hin
Language code of text/sound track or separate title hin
100 ## - MAIN ENTRY--PERSONAL NAME
Personal name बर्कले, जार्ज; भगवानबख्शसिंह, अनु.
9 (RLIN) 165104
245 #0 - TITLE STATEMENT
Title माानवीय ज्ञान के सिद्वान्त
Remainder of title प्रथम भाग तथा संवाद
246 ## - VARYING FORM OF TITLE
Title proper/short title Māānavīya jnyān ke sidvānta: pratham bhāg tathā sanvāda
260 ## - PUBLICATION, DISTRIBUTION, ETC.
Date of publication, distribution, etc. 1973
490 ## - SERIES STATEMENT
Series statement हिन्दी समिति ग्रंथमाला,116
942 ## - ADDED ENTRY ELEMENTS (KOHA)
Classification part R3xK85:1, 152K5
Koha item type Textual
Source of classification or shelving scheme Colon Classification (CC)
Holdings
Withdrawn status Lost status Damaged status Not for loan Home library Current library Date acquired Total Checkouts Full call number Barcode Date due Date last seen Date last checked out Price effective from Koha item type
        Arts Library Central Library 2022-09-23 1 R3xK85:1 152K5 AL0141188 2009-12-29 2026-01-07 2026-01-07 2022-09-23 Textual
Copyright @ Delhi University Library System